000 01233cam a2200361 a 4500
999 _c1169
_d1169
001 4291252
003 CaAEU
005 20210624075956.0
008 080102s2009 njua 001 0 eng
010 _a 2007052965
020 _a9780131745988
020 _a0131745980
035 _aocn190760673
040 _aDLC
_beng
_cDLC
_dYDX
_dBAKER
_dBTCTA
_dYDXCP
_dAEU
043 _an-us---
049 _aUABA
050 0 0 _aLC4019.3
_b.R38 2009
082 0 0 _a371.9/0472
_222
090 _aLC 4019.3 R38 2009
_bAEU
090 _aLC4019.3 .R38 2009
_bAEGMCT
100 1 _aRaver, Sharon A.
245 1 0 _aEarly childhood special education, 0 to 8 years :
_bstrategies for positive outcomes /
_cSharon A. Raver.
260 _aUpper Saddle River, N.J. :
_bMerill/Pearson,
_cc2009.
300 _axvi, 368 p. :
_bill. ;
_c24 cm.
336 _atext
_btxt
_2rdacontent
337 _aunmediated
_bn
_2rdamedia
338 _avolume
_bnc
_2rdacarrier
500 _aIncludes indexes.
650 0 _aChildren with disabilities
_xEducation (Early childhood)
_zUnited States.
856 4 1 _3Table of contents only
_uhttp://www.loc.gov/catdir/toc/ecip087/2007052965.html
942 _2lcc
_cBK
_nSO
949 _aLC 4019.3 R38 2009
_c1
_hUAED-B
_i0162027354032